Southeast Asia

Bewaard in:
Bibliografische gegevens
Hoofdauteur: Durdin, Tillman
Formaat: Boek
Taal:Undetermined
Gepubliceerd in: New York Atheneum 1966
Onderwerpen:
Tags: Voeg label toe
Geen labels, Wees de eerste die dit record labelt!
Thư viện lưu trữ: Trung tâm Học liệu Trường Đại học Cần Thơ
LEADER 00452nam a2200181Ia 4500
001 CTU_92768
008 210402s9999 xx 000 0 und d
082 |a 915.9 
082 |b D954 
100 |a Durdin, Tillman 
245 0 |a Southeast Asia 
245 0 |c Tillman Durdin 
260 |a New York 
260 |b Atheneum 
260 |c 1966 
650 |a Asia, southeastern 
904 |i Bằng 
980 |a Trung tâm Học liệu Trường Đại học Cần Thơ